Contemporary conflict resolution (Record no. 43720)
[ view plain ]
| 003 - CONTROL NUMBER IDENTIFIER | |
|---|---|
| control field | 0199069 |
| 005 - DATE AND TIME OF LATEST TRANSACTION | |
| control field | 20251011180737.0 |
| 020 ## - INTERNATIONAL STANDARD BOOK NUMBER | |
| International Standard Book Number | 97815095575592 |
| 040 ## - CATALOGING SOURCE | |
| Description conventions | rda |
| 050 ## - LIBRARY OF CONGRESS CALL NUMBER | |
| Classification number | JZ 6010 |
| Item number | .R26 2023 |
| 100 ## - MAIN ENTRY--PERSONAL NAME | |
| Relator code | Author |
| Personal name | Ramsbotham Oliver |
| 245 ## - TITLE STATEMENT | |
| Title | Contemporary conflict resolution |
| Remainder of title | he prevention, management and transformation of deadly conflicts / |
| Statement of responsibility, etc | Oliver Ramsbotham, Tom Woodhouse, Hugh Miall. and Harmonie Toros |
| 250 ## - EDITION STATEMENT | |
| Edition statement | 5th Ed. |
| 264 ## - PUBLICATION, DISTRIBUTION, ETC. (IMPRINT) | |
| Place of publication, distribution, etc | USA |
| Name of publisher, distributor, etc | Polity Press |
| Date of publication, distribution, etc | 2024 |
| 300 ## - PHYSICAL DESCRIPTION | |
| Extent | xxii, 472p.: |
| Other physical details | ill, |
| 336 ## - CONTENT TYPE | |
| Source | rdacontent |
| 338 ## - CARRIER TYPE | |
| Source | rdacarrier |
| 500 ## - GENERAL NOTE | |
| General note | Notes ,Index References |
| 504 ## - BIBLIOGRAPHY, ETC. NOTE | |
| Bibliography, etc | Notes, Index and references |
| 650 ## - SUBJECT ADDED ENTRY--TOPICAL TERM | |
| Source of heading or term | Pacific settlement of international disputes Conflict management |
| 942 ## - ADDED ENTRY ELEMENTS (KOHA) | |
| Source of classification or shelving scheme | Library of Congress Classification |
| Koha item type | Books |
| Withdrawn status | Lost status | Source of classification or shelving scheme | Damaged status | Not for loan | Permanent Location | Current Location | Date acquired | Inventory number | Total Checkouts | Full call number | Date last seen | Price effective from | Koha item type |
|---|---|---|---|---|---|---|---|---|---|---|---|---|---|
| Library of Congress Classification | NILE UNIVERSITY OF NIGERIA - MAIN LIBRARY | NILE UNIVERSITY OF NIGERIA - MAIN LIBRARY | 10/11/2025 | 0199068 | JZ 6010 .R26 2024 | 10/11/2025 | 10/11/2025 | Books | |||||
| Library of Congress Classification | NILE UNIVERSITY OF NIGERIA - MAIN LIBRARY | NILE UNIVERSITY OF NIGERIA - MAIN LIBRARY | 10/11/2025 | 0199069 | JZ 6010 .R26 2024 | 10/11/2025 | 10/11/2025 | Books |